Cómo enseñar sexualidad: para aprender el lenguaje de la sexualidad y enseñarlo (Registro nro. 4359)
[ vista simple ]
| 000 -Cabecera | |
|---|---|
| Campo de control de longitud fija | 00613aam a2200229 4500 |
| 005 - Fecha y hora de la última transacción | |
| Campo de control | 20241211150343.0 |
| 008 - Elementos de longitud fija--Información general | |
| Campo de control de longitud fija | 150408b2007 mx ||||| |||| 00| 0 spa d |
| 020 ## - International Standard Book Number | |
| Número Internacional Estándar del Libro (ISBN) | 9789688608227 |
| 041 ## - Idioma | |
| Código de idioma | Español |
| 082 ## - Clasificación Decimal Dewey | |
| Número de clasificación | 612.6 M977i |
| 100 ## - Entrada principal--Autor personal | |
| Nombre personal | Murillo Gamboa, Margarita |
| 9 (RLIN) | 32282 |
| 245 ## - Título propiamente dicho | |
| Título | Cómo enseñar sexualidad: para aprender el lenguaje de la sexualidad y enseñarlo |
| 260 ## - Pie de imprenta | |
| Lugar de publicación, distribución, etc. | México |
| 260 ## - Pie de imprenta | |
| Nombre del editor, distribuidor, etc. | Pax |
| 260 ## - Pie de imprenta | |
| Fecha de publicación, distribución, etc. | 2007 |
| 300 ## - Descripción física | |
| Extensión | 155 páginas |
| 650 ## - Materia general | |
| Temática (materia general) | EDUCACION SEXUAL |
| 650 ## - Materia general | |
| Temática (materia general) | SEXUALIDAD |
| 650 ## - Materia general | |
| Temática (materia general) | IDENTIDAD PSICOSEXUAL |
| 650 ## - Materia general | |
| Temática (materia general) | EDADES SEXUALES |
| 942 ## - Punto de acceso adicional KOHA | |
| Tipo de ítem KOHA | Libro |
| Fuente del sistema de clasificación o colocación | Dewey Decimal Classification |
| Signatura completa | Código de barras | Tipo de ítem |
|---|---|---|
| 612.6 M977i | 16871 | Libro |